Statistiques concernant Trouver le jeu vidéo (par rapport aux personnages)

Cliquez ici pour prendre le quiz!

Statistiques générales

  • Ce quiz a été pris 329 fois
  • Le résultat moyen est 11 sur 20

Statistiques - réponses

PersonnagesJeu vidéo% Correct
Bowser ; PeachSuper Mario
100%
Carapuce ; DracaufeuPokémon
99%
Diddy Kong ; Dixie KongDonkey Kong
88%
Ganondorf ; LinkThe Legend of Zelda
85%
Tails ; KnucklesSonic the Hedgehog
68%
Chun-Li ; RyuStreet Fighter
66%
Kratos ; Arès ; ZeusGod of War
62%
Solid Snake ; Sniper WolfMetal Gear
61%
Cloud ; ChocoboFinal Fantasy
57%
Meta Knight ; Roi DadidouKirby
57%
Samus ; RidleyMetroid
57%
Victor Sullivan, ; Nathan DrakeUncharted
56%
Olimar ; LouiePikmin
51%
Falco ; Wolf ; AndrossStar Fox
47%
Marth ; Lucina ; CorrinFire Emblem
40%
Captain Falcon ; Samurai GorohF-Zero
35%
Professeur Willy ; Iceman ; FiremanMega Man
34%
Pit ; Palutena ; MedusaKid Icarus
32%
Shulk ; Elma ; Tatsu ; LuxaarXenoblade Chronicles
27%
Ayo ; Oly ; CharbitreSplatoon
14%

Distribution des résultats

Percentile par nombre de réponses

% des personnes avec chaque résultat

Votre développement - résultats

Vous n’avez pas pris ce quiz